1291 1771 1068 1163 1571 1416 1541 1132 1807 1301 1015 1216 1290 1510 1261 1030 1478 1881 1314 1969 1831 1844 1884 1039 1529 1847 1309 1616 1370 1180 1348 1184 1011 1372 1108 1212 1726 1311 1032 1300 1692 1107 1208 1601 1850 1209 1992 1023 1458 1330 1737 1506 1599 1072 1167 1193 1519 1860 1023 1306 1240 1070 1909 1236 1490 1934 1108 1690 1255 1338 1135 1281 1833 1381 1600 1729 1202 1072 1893 1478 1875 1609 1851 1690 1060 1529 1560 1849 1950 1248 1918 1390 1776 1231 1771 1049 1121 1628 1957 BCNSPRNW ULIB Ver.6.0+V

เปลี่ยนเป็นภาษาไทย

Change to English
 แสดงรายละเอียดบรรณานุกรม
  กลับหน้าหลัก

Brief Record : Get Marc (ISO 2709) : E-mail record : QR code < ปิดหน้าต่าง
LEADER : 00000nam 2200000uu 4500
001    13399124174
003     ULIB
008    020711s2550 th a 000 0 tha d
099    วจ.LB1025^bส739ผ
100    สุกันยา นัครามนตรี
245    ผลการจัดการเรียนการสอนที่เน้นผู้เรียนเป็นสำคัญในรายวิชาการออกกำลังกายเพื่อสุขภาพ/^cสุกันยา นัครามนตรี กิตติพร เนาว์สุวรรณ
260     ^bม.ป.ท.,^c2550
700    กิตติพร เนาว์สุวรรณ
945    ^p0^l0^i020727
รายการนี้ยังไม่มีแท็ก
คุณยังไม่ได้ล็อกอิน คุณสามารถมีกิจกรรมร่วมกับเว็บไซต์ได้ แต่ต้องล็อกอินก่อน ::
  ล็อกอิน

รายการสื่อสารสนเทศ

ลำดับที่ ประเภท เลขเรียก/บาร์โค้ด สถานที่ สถานะ
1. งานวิจัย
งานวิจัย
วจ.LB1025 ส739ผ ฉ.1 
  Barcode: 020727
ห้องสมุดวิทยาเขตนครสวรรค์
►วิจัย:l:Research Room
บนชั้น

รายการใกล้เคียง
    ผู้แต่ง [สุกันยา นัครามนตรี]

BibComment


ยังไม่เคยถูกคอมเมนท์

คอมเมนท์ทรัพยากรรายการนี้
  คอมเมนท์: ผลการจัดการเรียนก..


 Copyright 2026. Bcnsprnw @Library